| 000 | 01563nam a22002657a 4500 | ||
|---|---|---|---|
| 005 | 20110704103248.0 | ||
| 020 |
_a8182631351 _c20.00 |
||
| 020 |
_a9788182631359 _c20.00 |
||
| 035 | _aB-432534-538 | ||
| 037 |
_aDPL _bBlue Berry |
||
| 082 | _aS | ||
| 100 |
_aDeshpande, Jayashree _929861 |
||
| 245 |
_aThe Rainbow Fish / _cby Jayashree Deshpande; illustrated by Monappa; translated by Divaspathy Hegde |
||
| 250 | _a2nd | ||
| 260 |
_aNew Delhi _bPratham Books _c2010 |
||
| 270 |
_a633-634,4th "C" Main,6th 'B' Cross, OMBR Layout Banaswadi, _bBangalore _e560043 _k911141042483 (New Delhi) |
||
| 300 |
_a24p. _bill. _c13 cm.(pbk) |
||
| 942 |
_2ddc _cCH _hS _mJAY |
||
| 999 |
_c53548 _d53548 |
||